000 01450nam a2200385 c 4500
003 BLK
005 20230801005225.0
008 180409b bul|||||r ||||||| ||bul||
010 _aKNG00122837000
040 _aBLK
041 _aBUL
_cBUL
080 _aМузиканти-творци, композитори
_b78.071.1
_x(497.2)(092)
_z78.071.1(497.2)(092)
080 _a
_b929 Кутев, Филип Тенев
_x
_z929 Кутев, Филип Тенев
100 1 _aСтоянов, Стоян Иванов
_eпърви автор
_9370015
139 _aСтоянов, Стоян Иванов
_bК 94
245 1 0 _aФилип Кутев
_bБиогр. очерк
_cСтоян Иванов Стоянов.
257 _aBGR
260 София
_bНаука и изкуство
_c1965
300 _a86 с.
_c16 см
380 _a7
490 1 _aБългарски композитори
600 0 _aКутев, Филип Тенев
_d1903-1982
_9387712
650 4 _aКомпозитори, български - биографии
_9261390
651 4 _aБългария
_9241624
653 _aкомпозитори
653 _aбиографии
653 _aБългария
653 _aФилип Кутев
852 _aЦб І 7446
856 4 _qpdf
_u
856 4 _qpdf
_u
942 _cKNG
_n0
944 _aCR
_c13.04.2011
_lCRON CRON
_k
944 _aED
_c15.04.2014
_lдобави в АБ / 12.04.2011
_k
999 _c117251
_d117251